Most Populous Nations by 2050 - Statistics

General Stats
  • This quiz has been taken 355 times
    337 since last reset
  • The average score is 17 of 20
Answer Stats
Population % Change Movement Country % Correct
1.384 B +1% China
99%
1.620 B +27% India
99%
400 M +25% USA
99%
231 M +13% Brazil
94%
321 M +26% Indonesia
93%
440 M +140% Nigeria
93%
120 M -18% Russia
92%
108 M -14% Japan
91%
271 M +43% - Pakistan
91%
156 M +29% - Mexico
90%
201 M +27% - Bangladesh
88%
121 M +38% Egypt
86%
100 M +28% Iran
82%
187 M +107% Ethiopia
80%
94 M +22% Turkey
80%
103 M +13% Vietnam
78%
148 M +108% DRC
74%
157 M +55% Philippines
67%
129 M +174% Tanzania
66%
104 M +205% Uganda
50%
No matching quizzes found
Score Distribution
Percent of People with Each Score
Percentile by Number Answered
Your Score History
You have not taken this quiz since the last reset